Sports Quiz

Random Sports or World Quiz

1920s World Series Champions Quiz Stats

 Plays Quiz not verified by Sporcle

Challenge
Share
Tweet
Embed
Score 0/10 Timer 01:00
0 Plays Today
Year Team % Correct
1923New York Yankees
100%
1927New York Yankees
100%
1928New York Yankees
100%
1921New York Giants
88.5%
1922New York Giants
88.5%
1929Philadelphia Athletics
83.9%
1926St. Louis Cardinals
80.5%
1920Cleveland Indians
79.3%
1925Pittsburgh Pirates
73.6%
1924Washington Senators
64.4%

You're not logged in!

Compare scores with friends on all Sporcle quizzes.
Join for Free
OR
Log In

You Might Also Like...

Show Comments

Extras

Created Jul 10, 2012ReportNominate
Tags:World Quiz, 1920, champion, team

Top Quizzes Today


Score Distribution

Your Account Isn't Verified!

In order to create a playlist on Sporcle, you need to verify the email address you used during registration. Go to your Sporcle Settings to finish the process.

Report this User

Report this user for behavior that violates our Community Guidelines.

Details: